Statistics for Constitution Class Starships (Star Trek)

Click here to take the quiz!

General Stats

  • This quiz has been taken 58 times
  • The average score is 6 of 13

Answer Stats

HintAnswer% Correct
NCC-1701Enterprise
100%
NCC-1017Constellation
69%
NCC-1700Constitution
69%
NCC-1764Defiant
66%
NCC-1631Intrepid
55%
NCC-1703Hood
48%
NCC-1709Lexington
34%
NCC-1657Potemkin
34%
NCC-1647Farragut
31%
NCC-1717Yorktown
31%
NCC-1672Exeter
28%
NCC-1702Pegasus
7%
NCC-1664Excaliber
3%

Score Distribution

Percentile by Number Answered

Percent of People with Each Score

Your Score History

You have not taken this quiz